| 000 | 01043nam a22002657a 4500 | ||
|---|---|---|---|
| 999 |
_c13317 _d13317 |
||
| 001 | 14190 | ||
| 003 | MIRAKIL | ||
| 005 | 20190617160611.0 | ||
| 008 | 190617b tu ||||| |||| 00| 0 tur d | ||
| 020 | _a9786053600664 | ||
| 040 |
_aTR-AnCHP _btur _cTR-AnCHP |
||
| 082 |
_a327.101 _bN93k 2010 |
||
| 100 | _aNye, Joseph S. | ||
| 245 |
_aKüresel çatışmayı ve işbirliğini anlamak : _bkurama ve tarihe giriş / _cJoseph S. Nye, Jr., David A. Welch ; çeviren: Renan Akman. |
||
| 260 |
_aİstanbul: _bTürkiye iş bankası kültür yayınları, _c2010. |
||
| 300 |
_axxıı, 495 s.: _bres., hrt.; _c23 sm. |
||
| 490 |
_aTürkiye İş Bankası Kültür yayınları; _vGenel yayın: 2071 |
||
| 500 | _aYapıtın Özgün adı: Understanding global conflict and cooperation : an introduction to theory and history | ||
| 504 | _aDizin vardır. | ||
| 650 | 0 |
_aUluslararası ilişkiler _95349 |
|
| 650 | 0 |
_aDünya politikası/siyaseti _9372 _y20.yy |
|
| 700 |
_aWelch, David A. _95825 |
||
| 700 |
_aAkman, Renan _eçev. _95826 |
||
| 942 |
_2ddc _cBKS |
||